000 00545nam a22002057a 4500
999 _c195228
_d195228
005 20230403112750.0
010 _aENG-136387
020 _a9781788304948
_c900.00
035 _aEN-119919
037 _bDBAD/PUB
082 _a881
100 _aGhosh, R.P
245 _aBeloved Oblivion /
_cBy R.P Ghosh
250 _aFirst
260 _aLondon
_bOlympia Publishers
270 _bLondon
_aTallis House,2Tallis Street
_e700020
300 _a126p.
_c20cm(pb)
500 _aPoetry collections
942 _2ddc
_cEN
_mRPG
_h881